¡Avancemos! Español 1 Periodo 2, Vocabulario Lección Preliminar - Estadísticas

Estadísticas generales
  • Esta prueba ha sido intentada 18 veces
  • La puntuación promedio es 31 de 61
Estadísticas de respuestas
Hint Respuesta % Correcto
Hello. Hola.
100%
Good afternoon. Buenas tardes.
94%
Goodbye. Adíos.
88%
He/she/it is... Es...
88%
today hoy
88%
Fine. Bien.
81%
Good night. Buenas noches.
81%
Good morning. Buenos días.
81%
the day el día
81%
Today is... Hoy es...
81%
the week la semana
81%
Very well. Muy bien.
81%
no no
81%
Bad. Mal.
75%
tomorrow mañana
75%
Tomorrow is... Mañana es...
75%
Sir el señor/Sr.
63%
It is hot. Hace calor.
63%
It is cold. Hace frío.
63%
It is sunny. Hace sol.
63%
Snow Nieva
63%
please por favor
63%
yes
63%
I am from... Soy de...
63%
The country el país
56%
It is windy. Hace viento.
56%
See you later. Hasta luego.
56%
Rain Llueve
56%
My phone number is... Mi número de telefono es...
56%
How are you? (familiar/informal) ¿Cómo estas?
50%
Where are you (familiar/informal) from? ¿De dónde eres?
50%
Where is he/she from? ¿De dónde es?
50%
Thank you very much Gracias./Muchas gracias.
50%
What day is today? ¿Qué día es hoy?
50%
He/She is from... Es de...
44%
the class la clase
44%
How is it going? ¿Qué tal?
44%
And you? (familiar/informal) ¿Y tú?
44%
What's your (familiar/informal) name? ¿Como te llamas?
38%
What's your (familiar or formal) phone number? ¿Cuál es tu numero de telefono?/¿Cúal es su numero de telefono?
38%
You're welcome De nada.
38%
Delighted/Pleased to meet you. Encantado/encantada
38%
My name is Me llamo...
38%
Excuse me/sorry Perdón.
38%
What is the weather like? ¿Que tiempo hace?
38%
Who are he/she/it? ¿Quién es?
38%
And you? (formal) ¿Y usted?
38%
How are you? (formal) ¿Cómo esta usted?
31%
What's up? ¿Qué pasa?
31%
What's his/her/your (formal) name? ¿Cómo se llama?
25%
Where are you (formal) from? ¿De dónde es usted?
25%
So-so. Mas o menos.
25%
Okay. Regular
25%
His/her name is... Se llama...
25%
The pleasure is mine El gusto es mío.
19%
Mrs. la señora/Sra.
13%
Ms. la señorita/Srta.
13%
Nice to meet you. Mucho gusto.
6%
Let me introduce you (familiar or formal) to... Te presnto a/le presento a
6%
Spanish teacher (male/female) el maestro de español/la maestra de español
0%
Same here/Likewise. Igualmente.
0%
No se encontraron pruebas coincidentes
Distribución de puntuación
Porcentaje de gente con cada puntuación
Porcentaje por número respondido
Historial de tus puntuaciones
No has intentado esta prueba.